Diez colores nuevos /

Na minha lista:
Detalhes bibliográficos
Autor principal: Gónzalez, Otto-Raúl, 1944-
Formato: Desconhecido
Idioma:Spanish
Publicado em: México : Federación Editorial Mexicana, 1990.
Edição:4. edición
Assuntos:
Tags: Adicionar Tag
Sem tags, seja o primeiro a adicionar uma tag!

MARC

LEADER 000000000a22000000004500
001 008234
041 0 |a spa 
082 0 4 |a G861.4   |b G6436d4 
100 1 |a Gónzalez, Otto-Raúl,   |d 1944- 
245 1 0 |a Diez colores nuevos /   |c Otto-Raúl Gónzalez. 
250 |a 4. edición 
260 1 |a México :   |b Federación Editorial Mexicana,   |c 1990. 
300 |a 31 páginas 
500 |a La biblioteca posee otro ejemplar con número de inscripción 14066 
650 4 |a LITERATURA GUATEMALTECA 
650 4 |a POESIA 
999 |c 13828  |d 13828 
942 |c BK  |h G861.4 G6436d4  |2 z